100 Most Common German Words - Statistics

General Stats
  • This quiz has been taken 4,016 times
  • The average score is 42 of 100
Answer Stats
Rank Words % Correct
40 da
90%
4 ich
89%
3 du
86%
6 die
83%
10 der
82%
9 Sie
82%
17 sie
82%
1 das
79%
14 ein
78%
15 er
76%
7 es
74%
12 wir
71%
22 den
70%
2 ist
70%
42 bin
68%
59 ihr
67%
78 wo
67%
41 nein
65%
20 ja
64%
21 wie
63%
95 hab
61%
8 und
61%
39 habe
58%
58 sein
58%
68 bist
57%
67 mein
57%
28 eine
56%
11 was
56%
35 war
55%
16 in
53%
32 sind
53%
23 auf
50%
36 haben
50%
26 so
50%
13 zu
50%
5 nicht
49%
45 uns
46%
50 dem
45%
97 gehen
43%
24 mich
43%
38 an
42%
34 dich
42%
71 gut
42%
19 mit
42%
30 hat
41%
18 mir
41%
62 aber
40%
64 Aber
40%
44 dir
39%
49 kann
39%
76 nach
38%
61 um
38%
85 warum
38%
33 von
37%
60 aus
36%
37 für
36%
57 hast
36%
69 im
35%
63 meine
35%
75 man
34%
29 wenn
34%
72 oder
33%
86 bei
31%
48 einen
31%
55 ihn
31%
91 machen
31%
80 will
31%
53 als
30%
25 dass
27%
94 können
27%
93 vor
27%
54 dann
24%
70 keine
24%
84 muss
24%
31 all
23%
66 doch
23%
51 auch
22%
27 hier
22%
79 Oh
22%
100 sehen
22%
77 werden
22%
99 geht
21%
46 sich
21%
89 bitte
20%
92 diese
20%
43 noch
20%
52 schon
20%
98 sehr
20%
96 zum
19%
81 also
16%
82 mehr
15%
47 nur
15%
65 wird
15%
83 immer
14%
74 jetzt
14%
56 mal
13%
73 weiß
13%
88 nichts
9%
90 wieder
9%
87 etwas
7%
No matching quizzes found
Score Distribution
Percent of People with Each Score
Percentile by Number Answered
Your Score History
You have not taken this quiz